Stratégia adaptácie poľnohospodárskych podnikov na trh
Stratégia adaptácie a trh. Postavenie poľnohospodárskeho podniku na monopolom ovládanom trhu. Ceny. Stratégia útlmu v niektorých odvetviach poľnohosp. produkcie. Sratégia adaptácie a podnikateľské rozhodovanie. Hospodárenie s nákladmi a konkurenčná schopnosť podniku.
Enregistré dans:
| Auteur principal: | |
|---|---|
| Format: | Chapitre de livre |
| Langue: | slovaque |
| Sujets: | |
| Tags: |
Pas de tags, Soyez le premier à ajouter un tag!
|
MARC
| LEADER | 00000naa a2200000 4500 | ||
|---|---|---|---|
| 001 | r014042 | ||
| 005 | 20221214064706.5 | ||
| 041 | 0 | |a slo | |
| 044 | |a SK | ||
| 245 | 1 | 0 | |a Stratégia adaptácie poľnohospodárskych podnikov na trh |c Miroslav Grznár |
| 520 | |a Stratégia adaptácie a trh. Postavenie poľnohospodárskeho podniku na monopolom ovládanom trhu. Ceny. Stratégia útlmu v niektorých odvetviach poľnohosp. produkcie. Sratégia adaptácie a podnikateľské rozhodovanie. Hospodárenie s nákladmi a konkurenčná schopnosť podniku. | ||
| 610 | 2 | 0 | |a podnik poľnohospodársky |
| 610 | 2 | 0 | |a trh |
| 610 | 2 | 0 | |a monopoly |
| 610 | 2 | 0 | |a ceny |
| 610 | 2 | 0 | |a hospodárenie podnikové |
| 610 | 2 | 0 | |a konkurencia |
| 610 | 2 | 0 | |a adaptácia |
| 100 | 1 | |a Grznár, Miroslav | |